000
00296nam a22001337a 4500
008
170609b xxu||||| |||| 00| 0 eng d
020
_a
9780205835072
041
_a
eng
080
_a
328
100
_a
19
101
_a
SHP
245
_a
GOVERNMENT BY THE PEOPLE
_c
MAGLEBY,D.B
942
_2
udc
_c
BK
999
_c
16686
_d
16686